[Event "IRI-ch U12"]
[Site "Chess.com INT"]
[Date "2021.01.16"]
[Round "8"]
[White "Ghezel Ayagh, Sani"]
[Black "Haji Arismani, Mohammad Taha"]
[Result "0-1"]
[WhiteElo "1083"]
[BlackElo "1361"]
[PlyCount "148"]
[EventDate "2021.01.16"]
[EventType "swiss"]
[EventRounds "11"]
[EventCountry "IRI"]
[SourceTitle "EXT 2022"]
[Source "ChessBase"]
[SourceDate "2021.10.06"]
[SourceVersion "1"]
[SourceVersionDate "2021.10.06"]
[SourceQuality "1"]

1. e4 c5 2. d3 d6 3. Nf3 Nf6 4. Nc3 g6 5. b3 Bg7 6. Bb2 0-0 7. Be2 Nc6 8. 0-0 Bg4 9. h3 Bxf3 10. Bxf3 Nd4 11. Be2 Nxe2+ 12. Qxe2 a6 13. f4 e6 14. Qd2 d5 15. e5 Nd7 16. d4 cxd4 17. Qxd4 Qb6 18. Qxb6 Nxb6 19. Ne2 Rac8 20. c3 f6 21. exf6 Bxf6 22. Nd4 Bxd4+ 23. cxd4 Rc2 24. Rab1 Rfc8 25. Rfc1 Rxc1+ 26. Rxc1 Rxc1+ 27. Bxc1 Kf7 28. Kf2 Ke7 29. Ke3 Kd6 30. g4 Nd7 31. Ba3+ Kc6 32. h4 Nf6 33. g5 Ne4 34. Bb4 Kb5 35. a3 a5 36. Bd2 Nd6 37. Kd3 Nf5 38. Be1 Ne7 39. a4+ Ka6 40. Kc3 Nf5 41. Kd3 Nd6 42. Bd2 Ne4 43. Ke3 b5 44. Kd3 Nd6 45. Kc3 Nf5 46. Be1 Kb6 47. Kd3 Nd6 48. Kc3 Nb7 49. Kd3 Nd8 50. Ke3 Ka6 51. Ke2 Nc6 52. Kd3 Kb6 53. Kc3 Nb4 54. Kd2 Ka6 55. Kd1 Nd3 56. axb5+ Kxb5 57. Bd2 a4 58. bxa4+ Kxa4 59. Ke2 Nb2 60. Bc3 Nc4 61. Kd3 Kb3 62. Be1 Kb2 63. Bb4 Kc1 64. Bc3 Kd1 65. Bb4 Kc1 66. Bc5 Nd2 67. Ke3 Kd1 68. Bb4 Ne4 69. Ba5 Ng3 70. Bc7 Nf5+ 71. Kd3 Ke1 72. Be5 Kf2 73. Kd2 Kf3 74. Kd3 Nxh4 0-1